Estadísticas para Cultura General de Colaboración Colectiva #1

Haz click aquí para intentar la prueba.

Estadísticas generales

  • Esta prueba ha sido intentada 1.710 veces
  • La puntuación promedio es 12 de 20

Estadísticas de respuestas

PreguntaRespuesta% Correcto
¿Cuántos lados tiene un hexágono?6
95%
¿Quién es Peter Parker?Spiderman
91%
¿Qué dirección es la opuesta a la que apunta al norte y al este?Suroeste
87%
¿Qué cantante famosa nació en Barbados?Rihanna
78%
¿Qué palabra se refiere al primer episodio de una serie de televisión?Piloto
75%
¿La mayoría de los humanos tienen 23 pares de qué?Cromosomas
71%
¿Cuál es la nacionalidad de Pablo Neruda?Chilena
70%
¿Cuál fue el primer libro publicado por Gutenberg en una imprenta?La Biblia
66%
¿Cuál es el único mamífero capaz de volar?Murciélago
66%
¿La deficiencia de qué nutriente puede causar osteoporosis?Calcio
64%
¿Qué es lo que estudia un ornitólogo?Aves
55%
¿Cuánto duró la guerra de los 100 años?116 años
52%
¿Cómo se dice "queso" en francés?Fromage
51%
¿En qué año se creó la OTAN?1949
46%
¿La cara de qué pintas con un 6 y un 4?Mi retrato
46%
¿De dónde es un pucelano?Valladolid
45%
¿Cuál es el nombre alemán de la ciudad de Colonia?Köln
44%
¿Cuál es el nombre del polígono de 12 lados?Dodecágono
42%
¿Cómo se llama el miedo a los lugares altos?Acrofobia
20%
¿Qué presidente de Colombia firmó acuerdos de paz con la guerrilla de las FARC?Juan Manuel Santos
13%

Distribución de puntuación

Porcentaje por número respondido

Porcentaje de gente con cada puntuación

Historial de tus puntuaciones

No has intentado esta prueba.